000 00596cab a2200193 4500
001 WB2628-46
008 090401t1990 xxu||||| |||| 00| 0 eng d
035 _a(Sirsi) u15602
041 _aeng
245 _aMAFF pays farm workers` poll tax
260 _c1990
350 _a0
490 _aDaily Telegraph
_v18/7/90 p6
520 _aMAFF is to pay the poll tax of its own farm workers but other farm workers want to see the Ministry press all farmers to pay the tax for their workers.
650 _aCOMMUNITY CHARGE
690 _aRATING AND VALUATION
942 _n0
948 _c04/03/1997
999 _c10251
_d10251